LEADER 00861nam a2200181 i 4500 001 000000026473 003 CaOOAMICUS 005 20180830125447.0 008 180830s1902 it u000 u ita u 040 $aSeMil$bita 100 1 $aCappellazzi, Andrea,$c.$0(OLS)http://semarc/name/5926 245 10$aQui est :$bstudio comparativo tra la 2. questione della Somma teologica di S. Tommaso e le conclusioni di sistemi filosofici /$cpel sac. Andrea Cappellazzi. 260 $aCrema :$bTipografia Sociale,$c1902-1905. 300 $a2 v. ;$c19 cm. 774 0 $t1.$g1$w()46509 774 0 $t2.$g2$w()211991 996 $6245$aQui est :$bstudio comparativo tra la 2. questione della Somma teologica di S. Tommaso e le conclusioni di sistemi filosofici$9(OLS)http://semarc/title/35735 996 $6260$aCrema :$bTipografia Sociale$9(OLS)http://semarc/publisher/36843 LEADER 00876nam a2200205 i 4500 001 000000228803 003 CaOOAMICUS 005 20140411000000.0 008 140411s1974 it u000 u ita u 013 $a207705 040 $aSeMil$bita 245 13$aLe epistole di Paolo /$channo collaborato al volume : Bruno Bellion ... [et al.]. 300 $aVIII, 309 p. 500 $aContiene : Appendici ; Bibliografia. 650 4$aBibbia. Nuovo Testamento. Lettere di Paolo - Commentari, studi, critica, interpretazioni.$0(OLS)http://semarc/subject/935 700 1 $aBellion, Bruno <1939->.$0(OLS)http://semarc/name/30769 773 0 $tNuovo Testamento annotato.$dTorino : Claudiana, 1965-1974.$g3$w()29713 850 $aSeMil 852 $aSeMil$W1$xVenegono$y1$m2Y V 166$j179149$B179149$CSeMilBibl$Z2$F190245 $81 996 $6245$aLe epistole di Paolo$9(OLS)http://semarc/title/327493